01326cam a2200373 a 4500001001400000003000800014005001700022006001900039007001500058008004100073020003800114040003000152049002600182050002300208082001500231100002500246245009200271260004300363300003800406490004200444504005100486521001700537588004700554650003700601650003100638650003200669655002900701710001600730776003500746830004300781856009300824942001600917999001900933EDZ0000159336StDuBDS20161031105250.0m||||||||d||||||||cr |||||||||||130912s1998 cau fo| 001|0|eng d a9781483328270 (ebook) :cNo price aStDuBDSbengcStDuBDSepn aAlfaisal Main Library 0aLB2331b.C336 199804a378.122231 aCarbone, Elisa Lynn.10aTeaching large classesh[electronic resource] :btools and strategies /cElisa Carbone. aThousand Oaks, Calif. :bSAGE,cc1998. a1 online resource (xviii, 97 p.).1 aSurvival skills for scholars ;vv. 19 aIncludes bibliographical references and index. aSpecialized. aDescription based on print version record. 0aCollege teachingzUnited States. 0aClass sizezUnited States. 0aLecture method in teaching. 7aElectronic books.2local2 aSage eBooks08iPrint version :z9780761909743 0aSurvival skills for scholars ;vv. 19.40uhttp://ezproxy.alfaisal.edu/login?url=http://sk.sagepub.com/books/teaching-large-classes 2lcccEBOOKS c483051d483051